Statistics for US Cities That Start With P

Click here to take the quiz!

General Stats

  • This quiz has been taken 51 times
  • The average score is 4 of 5

Answer Stats

Population City % Correct
1,567,872Philadelphia
98%
639,863Portland
91%
303,625Pittsburgh
91%
1,615,017Phoenix
80%
286,057Plano
30%

Score Distribution

Percentile by Number Answered

Percent of People with Each Score

Your Score History

You have not taken this quiz